Регионална библиотека "Любен Каравелов" - Русе

Манфред (Запис номер 70678)

MARC детайли
000 -Лидер
Контролно поле с фиксирана дължина 01029nam a2200289 c 4500
003 - Код на организацията, давaща контролен номер
Контролно поле BLK
005 - Дата и час на последна редакция
Контролно поле 20180422103147.0
008 - Елементи от данни с фиксирана дължина
fixed length control field 180408b bul|||||r ||||||| ||bul||
010 ## - Наследен системен номер
LC control number KNG00075039000
020 ## - Международен стандартен номер на книга ISBN
Международен стандартен номер на книга ISBN 954-737-603-9
-- издат.: Аб
040 ## - Източник на каталожния запис
Идентификатор на билиотеката - собственик на записа BLK
041 ## - Код за език
Код за езика на текст/звукозапис или на отделно заглавие Български
Код за езика КДБФ Български
080 ## - УДК
Текстов определител УДК Английска литература
УДК код - определител по УДК 821.111
УДК определител -2
УДК - код + определител 821.111-2
100 1# - Редна дума - Автор
Автор Байрон, Джордж Гордън Ноуъл
Авторска отговорност първи автор
R(LIN) 367011
139 ## - Редно поле
Редна дума Байрон, Джордж Гордън Ноел
Авторски знак Баир - Б 15
245 10 - Сведения за заглавието
Заглавие Манфред
Подзаглавни данни Драм. поема
Редно поле (дума) Джордж Гордън Ноуъл Байрон; прев. от англ. Христо Маринов.
257 ## - Страна на издаване
Страна на създаване/издаване Великобритания
260 ## - Област на издателските данни
-- София
Име на издателя, разпространителя и проч. Аб
Година на издаване 2006
300 ## - Физическа характеристика
Страници 94 с.
Размери/Мащаб 21 см
380 ## - Жанр
Жанр Худож. лит.
700 1# - Други автори (авторска отговорност)
Лично име Маринов, Христо
Автороска отговорност (Описва отношението между автора и произведението) прев. от англ.
9 (RLIN) 364386
852 ## - Местоположение
Форматна сигнатура Цб 233883
856 4# - Електронен адрес и достъп
Електронен формат pdf - файл
Път до файла /url/
856 4# - Електронен адрес и достъп
Електронен формат pdf - файл
Път до файла /url/
942 ## - АРТИКУЛИ
Вид на библиотечния материал Книги
Скрит в OPAC Не
944 ## - СЪЗДАВАНЕ И РЕДАКЦИЯ на ЗАПИСА
Създаване/Редакция Създаване
Дата на регистрацията/редакция 16.05.2007
Служител, извършил регистрацията/редакцията Геновева_Генчева
944 ## - СЪЗДАВАНЕ И РЕДАКЦИЯ на ЗАПИСА
Създаване/Редакция Редакция
Дата на регистрацията/редакция 08.06.2007
Служител, извършил регистрацията/редакцията
999 ## - СИСТЕМНИ КОНТРОЛНИ НОМЕРА
Koha biblionumber 70678
Koha biblioitemnumber 70678
Наличности
Код за отписване Код за изгубен артикул Код за повреда Коз за рестрикции Код за отдаване Артикулен № Име на библиотеката - собственик Име на библиотеката, в която се намира в момента Статус (Текущо местоположение) Дата на вписване в системата Местоположение - отдел Цена в лева Инвентарен номер Систематично азбучна сигнатура Баркод Номер на екземпляра Цена в евро Служебна бележка Служебен тип на артикула
  Не е изгубен Не е повреден без рестрикции ползва се в читалня 115365 Регионална библиотека "Любен Каравелов" Русе Регионална библиотека "Любен Каравелов" Русе Хранилище 2007-05-16 Хранилище 0.00 120000713571 Цб 233883 120000713571 1 0.00 Дост: Dp Вид: Д N: 50 Дата: 15.11.2006 Книги
Vip Innovations Ltd, Rousse, Bulgaria 2025